Renovación docente a través de las actividades universitarias con la colectividad - AUCA
Presenta la restauración de la facultad de arquitectura y rompimiento del aislamiento universitario a través de lo que se ha llamado experiencias docentes con la comunidad.
| Main Author: | |
|---|---|
| Other Authors: | |
| Format: | Tesis Section = Libro |
| Language: | Undetermined Spanish |
| Published: |
Guatemala
USAC-G
1973
|
| Subjects: |
| LEADER | 00824nam a2200205Ia 4500 | ||
|---|---|---|---|
| 008 | 240830s9999 xx 000 0 und d | ||
| 040 | |a BIBLIOTECA-RUSB/ Mon 720.07 C965 | ||
| 041 | |a spa | ||
| 082 | |a Mon 720.07 C965 | ||
| 100 | 1 | |a Cuevas Cruz, José Rodolfo | |
| 245 | 1 | 0 | |a Renovación docente a través de las actividades universitarias con la colectividad - AUCA |
| 260 | |a Guatemala |b USAC-G |c 1973 | ||
| 300 | |a 102 p. :il. | ||
| 502 | |a Tesis (Arquitecto) - USAC-G, 1973. | ||
| 520 | 3 | |a Presenta la restauración de la facultad de arquitectura y rompimiento del aislamiento universitario a través de lo que se ha llamado experiencias docentes con la comunidad. | |
| 650 | 7 | |a ARQUITECTURA ESTUDIO Y ENSEÑANZA I | |
| 700 | 1 | |a Tutor: |b Aguirre Cantero, Enrrique Eduardo | |
| 942 | |c BK |2 ddc | ||
| 991 | |a TESIS | ||
| 999 | |c 21118 | ||